000 00878nab a2200277 u 4500
001 10842
003 HDC
007 cr bn ---aaaaa
008 210201b20120730my ||||| |||| 00| 0 may d
040 _aHDC
245 0 _aMesin kuih siput dan rotan
260 _aKuala Lumpur :
_bUtusan Melayu (M) Bhd.,
_c2012
300 _a1 online resource
336 _atext
_2rdacontent
337 _acomputer
_2rdamedia
338 _aonline resource
_2rdacarrier
650 _aEntrepreneurship
_9209
650 _aFood innovation
_911104
650 _aSmall business
_9208
650 _aTechnology
_94714
710 _aUtusan Malaysia
_eissung body
856 _zRequest full-text at [email protected]
942 _2lcc
942 _cNEWS
942 _kNWSC 003103
999 _c8165
_d8165